000
00272nam a22001217a 4500
008
180205b xxu||||| |||| 00| 0 eng d
041
_a
eng
080
_a
821
100
_a
21
101
_a
GJL
245
_a
Letters on Literature and Politics
_c
Aaron, D
942
_2
udc
_c
BK
999
_c
41753
_d
41753